ROSÉ & Bruno Mars - APT (All Lyrics) - Statistics

General Stats
  • This quiz has been taken 921 times
  • The average score is 237 of 335
Answer Stats
% Correct
a
97%
APT
95%
I
90%
you
90%
me
86%
to
86%
do
85%
kiss
84%
Don't
82%
like
82%
want
82%
baby?
81%
the
81%
but
79%
face
79%
go
79%
my
79%
need
79%
at
78%
crazy
77%
now?
77%
now
77%
I'm
76%
Kissy
76%
kissy
76%
tomorrow
76%
All
75%
all
75%
Game
75%
game
75%
meet
75%
tonight
75%
your
75%
is
73%
just
72%
Just
72%
on
72%
Sleep
72%
for
71%
Uh
71%
phone
70%
real
70%
what
70%
lips
68%
gotta
66%
Red
66%
red
66%
start
66%
Sent
65%
so
65%
yeah
65%
Yeah
65%
oh
62%
That's
62%
hearts
60%
can
58%
feel
58%
somethin'
58%
Come
54%
give
54%
way
53%
It's
51%
it's
51%
tryna
51%
Hold
50%
hold
50%
whatever
49%
get
46%
know
45%
this
45%
club
44%
night
44%
Turn
43%
Are
42%
party
42%
ready?
42%
into
41%
up?
40%
'Cause
39%
drink
39%
ya
39%
what's
38%
comin'
37%
talkin'
36%
smoke
34%
dance
32%
Hey
31%
freak
29%
girl
29%
uh-huh
28%
Uh-huh
28%
oh-oh
20%
Oh-oh
20%
apateu
17%
Geonbae
6%
geonbae
6%
geim
4%
joahaneun
3%
Chaeyeongiga
2%
raendeom
2%
Raendeom
2%
No matching quizzes found
Score Distribution
Percent of People with Each Score
Percentile by Number Answered
Your Score History
You have not taken this quiz